00858pam a2200205 4500001000500000005001700005008003900022010001600061020001500077020002200092245007800114260004800192300003500240500013300275504006600408650004400474700002400518700002200542711008800564184820181127164107.0940621s1995 njua b 101 0 eng a 94022343 a0805810951 a080581096X (pbk.)00aConstructivism in education /cedited by Leslie P. Steffe and Jerry Gale. aHillsdale, N.J. :bLawrence Erlbaum,c1995. axvii, 575 p. :bill. ;c24 cm. aPapers presented at the Alternative Epistemologies in Education Conference, held Feb. 19-23, 1992, at the University of Georgia. aIncludes bibliographical references (p. 529-557) and indexes. 0aConstructivism (Education)xCongresses.1 aGale, Jerry Edward.1 aSteffe, Leslie P.2 aAlternative Epistemologies in Education Conferenced(1992 :cUniversity of Georgia)